Phong thủy với cuộc sống thường ngày
Gespeichert in:
| 1. Verfasser: | |
|---|---|
| Format: | Sách |
| Sprache: | Undetermined |
| Veröffentlicht: |
Thanh Niên
2010
|
| Schlagworte: | |
| Tags: |
Tag hinzufügen
Keine Tags, Fügen Sie den ersten Tag hinzu!
|
| Thư viện lưu trữ: | Trung tâm Thư viện - Trường Đại học Công nghiệp TP. Hồ Chí Minh |
|---|
| LEADER | 00512nam a2200157Ia 4500 | ||
|---|---|---|---|
| 001 | UIH_06784 | ||
| 008 | 231011s9999 xx 000 0 und d | ||
| 082 | |a 133 | ||
| 100 | |a Nguyễn Đình Cửu | ||
| 245 | 0 | |a Phong thủy với cuộc sống thường ngày | |
| 245 | 0 | |c Nguyễn Đình Cửu | |
| 260 | |b Thanh Niên | ||
| 260 | |c 2010 | ||
| 650 | |a Phong thủy; | ||
| 927 | |a Sách | ||
| 980 | |a Trung tâm Thư viện - Trường Đại học Công nghiệp TP. Hồ Chí Minh | ||